| 000 | 00579nam a22001817a 4500 | ||
|---|---|---|---|
| 003 | OSt | ||
| 005 | 20250819072148.0 | ||
| 008 | 250819b |||||||| |||| 00| 0 eng d | ||
| 020 | _a1-902757-62-9. | ||
| 040 |
_aDWC-Main Lib. _cOC |
||
| 100 | _aWILLAN, ANNE | ||
| 245 |
_aCooked to perfection : _ban illustrated guide to achieving success with every dish/ _cWILLAN, ANNE |
||
| 260 |
_aLondon : _bQuadrille Publishing, _cc200. |
||
| 300 |
_a320 pages : _bcolor illustrations ; _c28cm. |
||
| 504 | _aIncludes index. | ||
| 650 | _aCooking. | ||
| 942 |
_2ddc _cBK-CIRC _hCirc. _n0 |
||
| 999 |
_c4085 _d4085 |
||